00935nam a2200265 4500003000400000005001700004008004100021020001500062040001800077050001800095100003200113245013900145264003800284300004500322336002200367337002400389338002400413500005900437650003700496650002600533700003700559700004400596942001200640999001700652OSt20260530113853.0260420b2001 sp a|||| |||| 00| 0 spa d a8425218608 aICIbspacICI 4aNA2750bR53181 aRichardson, Phyllis,93139610aXs :bgrandes ideas para pequeños edificios /cPhyllis Richardson ; Lucas Dietrich, editor ; version castellana de Emilia Perez Mata 1bGustavo Gili,c2001aBarcelona :  a223 páginas :bilustracionesc18.5 cm. atexto2rdacontent asin medio2rdamedia avolumen2rdacarrier aTraduccion de: Xs : big ideas in small-scale buildings 4aDiseño arquitectónico931397 4aConstrucción9313981 aDietrich, Lucas, eeditor9313991 aPérez Mata, Emilia,etraductor931400 2lcccBK c11513d11513